000
00306nam a22001337a 4500
008
171204b xxu||||| |||| 00| 0 eng d
020
_a
9781566635080
041
_a
eng
080
_a
82
100
_a
21
101
_a
GJL
245
_a
A THEATERGOER'S GUIDE TO SHAKESPEARE
_c
FALLON,R.TH
942
_2
udc
_c
BK
999
_c
38781
_d
38781